[Event "2. Magistral Espirito Santo"]
[Site "Vitoria BRA"]
[Date "2007.05.29"]
[Round "1.1"]
[White "Molina, Roberto Junio Brito"]
[Black "Bortoloso, Moacir Canella"]
[Result "1-0"]
[WhiteElo "2353"]
[BlackElo "2228"]
[PlyCount "89"]
[EventDate "2007.05.29"]
[EventType "tourn"]
[EventRounds "10"]
[EventCountry "BRA"]
[EventCategory "6"]
[Source "lmi"]
[SourceDate "2007.05.29"]

1. d4 d5 2. Nf3 Nc6 3. e3 Bg4 4. Be2 e6 5. b3 Nf6 6. Bb2 Ne7 7. O-O g6 8. c4 c6
9. h3 Bxf3 10. Bxf3 Bg7 11. Nc3 O-O 12. Rc1 Nf5 13. g3 Nd6 14. Qd3 Re8 15. Rfd1
Nd7 16. Bg2 Qg5 17. Kh2 Rad8 18. f4 Qf5 19. Qe2 dxc4 20. bxc4 Qa5 21. c5 Nc8
22. Ne4 Nf6 23. Bc3 Qc7 24. Nf2 Ne7 25. e4 Rd7 26. d5 exd5 27. Qb2 Nh5 28. Bxg7
Nxg7 29. Ng4 Red8 30. Nf6+ Kh8 31. Nxd7 Rxd7 32. exd5 cxd5 33. Re1 Kg8 34. Re5
Ne6 35. Rd1 Qxc5 36. h4 h5 37. Bh3 Rd6 38. Rde1 Rb6 39. Qg2 Kg7 40. Bxe6 fxe6
41. Rxe6 Rxe6 42. Rxe6 Nf5 43. Qb2+ Kg8 44. Rxg6+ Kh7 45. Rg5 1-0

[Event "2. Magistral Espirito Santo"]
[Site "Vitoria BRA"]
[Date "2007.05.29"]
[Round "1.2"]
[White "Stamenkovic, Dragan"]
[Black "Bachmann, Axel"]
[Result "0-1"]
[WhiteElo "2423"]
[BlackElo "2470"]
[PlyCount "124"]
[EventDate "2007.05.29"]
[EventType "tourn"]
[EventRounds "10"]
[EventCountry "BRA"]
[EventCategory "6"]
[Source "lmi"]
[SourceDate "2007.05.29"]

1. d4 d5 2. Bg5 c6 3. Nf3 Qb6 4. b3 Bg4 5. e3 Nd7 6. Be2 Ngf6 7. h3 Bxf3 8.
Bxf3 e6 9. O-O Bd6 10. c4 Qc7 11. Nc3 h6 12. Bxf6 Nxf6 13. Rc1 Qa5 14. Qc2 O-O
15. e4 dxe4 16. Nxe4 Nxe4 17. Bxe4 Rad8 18. Qe2 Be7 19. Rcd1 Bf6 20. Bb1 Rd7
21. Qe4 Rfd8 22. Qh7+ Kf8 23. d5 cxd5 24. cxd5 Rxd5 25. Rxd5 Qxd5 26. Be4 Qd2
27. a4 Ke7 28. Bb1 Qc3 29. Qc2 Qxc2 30. Bxc2 Rd2 31. Be4 b6 32. Rc1 Bd4 33.
Rc7+ Kf6 34. Rxa7 Rxf2 35. Rd7 Ke5 36. Bb7 Rf4+ 37. Kh2 g5 38. Bf3 f5 39. Rh7
Bf2 40. Rxh6 Rb4 41. Be2 Re4 42. Bc4 Kd6 43. g3 Ke7 44. Rg6 f4 45. gxf4 gxf4
46. Kg2 Bg3 47. Rg7+ Kd6 48. Rg6 Re3 49. Rh6 Ke7 50. Rh7+ Kf6 51. Rh6+ Kf5 52.
Rh5+ Ke4 53. Bxe6 Re2+ 54. Kg1 f3 55. Bc4 Re1+ 56. Bf1 Ke3 57. Rh6 Bf2+ 58. Kh2
Rxf1 59. Rxb6 Ke2 60. Rf6 Bd4 61. Re6+ Kd3 62. h4 f2 0-1

[Event "2. Magistral Espirito Santo"]
[Site "Vitoria BRA"]
[Date "2007.05.29"]
[Round "1.3"]
[White "Hungaski, Robert Andrew"]
[Black "Bittencourt, Jorge"]
[Result "1-0"]
[WhiteElo "2379"]
[BlackElo "2442"]
[PlyCount "165"]
[EventDate "2007.05.29"]
[EventType "tourn"]
[EventRounds "10"]
[EventCountry "BRA"]
[EventCategory "6"]
[Source "lmi"]
[SourceDate "2007.05.29"]

1. e4 c5 2. Nf3 d6 3. d4 cxd4 4. Nxd4 Nf6 5. Nc3 a6 6. Bg5 e6 7. f4 Qc7 8. Bxf6
gxf6 9. Qd2 Nc6 10. O-O-O Bd7 11. Be2 h5 12. Kb1 O-O-O 13. Rhf1 Kb8 14. Rf3
Nxd4 15. Qxd4 Be7 16. Rfd3 h4 17. Bf3 Rc8 18. Qf2 Qc5 19. Qe2 Qa5 20. f5 Qe5
21. h3 Rc7 22. Qe3 Qc5 23. Qe1 Qa5 24. Bg4 Bc8 25. Qe3 Qc5 26. Qd2 Qa5 27. Qf4
Qe5 28. Qf3 Rc4 29. b3 Rc5 30. Na4 Rc6 31. Nb2 Qb5 32. c4 Qc5 33. R3d2 Qb6 34.
Rc2 Rg8 35. Nd3 Qa5 36. Qf2 Rg5 37. Rf1 Bd8 38. Qxh4 exf5 39. Bxf5 Bxf5 40.
exf5 Rxf5 41. Rxf5 Qxf5 42. Nb4 Rc8 43. Nd5 Qe6 44. Qf2 f5 45. Re2 Qg6 46. Qd4
Qg3 47. Kb2 Bg5 48. a4 Bh6 49. Ka2 Bg7 50. Qf4 Qg6 51. Qh4 Bh8 52. Qe7 Qg7 53.
Qxd6+ Ka7 54. Qb6+ Kb8 55. Qd6+ Ka7 56. Qb6+ Kb8 57. Qg1 f4 58. Nxf4 Qc3 59.
Nd5 Qd3 60. Qe3 Qd1 61. Qg3+ Ka7 62. Qe1 Qd3 63. Rd2 Qh7 64. Qe3+ Kb8 65. Qg3+
Ka7 66. a5 Rg8 67. Qf2+ Kb8 68. Qe1 Qg7 69. g4 Rc8 70. Ka3 Qf8+ 71. Qe7 Qh6 72.
Qe3 Qd6+ 73. Ka2 Qf8 74. g5 Rc5 75. Qf4+ Ka7 76. b4 Rc6 77. Re2 Qg7 78. Qf2+
Kb8 79. Re8+ Rc8 80. Rxc8+ Kxc8 81. Qf6 Qh7 82. Nb6+ Kc7 83. Qe7+ 1-0

[Event "2. Magistral Espirito Santo"]
[Site "Vitoria BRA"]
[Date "2007.05.30"]
[Round "2.1"]
[White "Bortoloso, Moacir Canella"]
[Black "Bittencourt, Jorge"]
[Result "1/2-1/2"]
[WhiteElo "2228"]
[BlackElo "2442"]
[PlyCount "76"]
[EventDate "2007.05.29"]
[EventType "tourn"]
[EventRounds "10"]
[EventCountry "BRA"]
[EventCategory "6"]
[Source "lmi"]
[SourceDate "2007.05.29"]

1. e4 c5 2. Nf3 e6 3. d4 cxd4 4. Nxd4 a6 5. c4 Nf6 6. Nc3 Qc7 7. a3 Be7 8. Be3
d6 9. Rc1 O-O 10. Be2 b6 11. O-O Bb7 12. f3 Nbd7 13. b4 Rac8 14. Qb3 Qb8 15.
Rc2 Kh8 16. a4 Rfe8 17. Bf2 Bd8 18. Kh1 g5 19. Qb2 Rg8 20. Rb1 Be7 21. Qa1 Qa8
22. Nb3 g4 23. a5 gxf3 24. Bxf3 Ne5 25. Bg3 Rxc4 26. Nd2 Rcc8 27. axb6 Rxg3 28.
hxg3 Bd8 29. Rbc1 Bxb6 30. Na4 Rxc2 31. Rxc2 Ba7 32. Nc4 Qf8 33. Qc1 Qg7 34.
Nxe5 dxe5 35. Nc5 Qxg3 36. Qh6 Ng8 37. Qh5 Qe1+ 38. Kh2 Qxb4 1/2-1/2

[Event "2. Magistral Espirito Santo"]
[Site "Vitoria BRA"]
[Date "2007.05.30"]
[Round "2.2"]
[White "Bachmann, Axel"]
[Black "Hungaski, Robert Andrew"]
[Result "0-1"]
[WhiteElo "2470"]
[BlackElo "2379"]
[PlyCount "94"]
[EventDate "2007.05.29"]
[EventType "tourn"]
[EventRounds "10"]
[EventCountry "BRA"]
[EventCategory "6"]
[Source "lmi"]
[SourceDate "2007.05.29"]

1. e4 e5 2. Nf3 Nc6 3. Bc4 Nf6 4. d3 Be7 5. c3 O-O 6. Nbd2 d5 7. exd5 Nxd5 8.
O-O Kh8 9. Re1 f6 10. Nf1 Be6 11. Bb5 Qd6 12. Ng3 Nb6 13. d4 Rad8 14. Qe2 a6
15. Bd3 Rfe8 16. Nh4 Bf7 17. Qg4 g6 18. Bxg6 Rg8 19. Ne4 Qd5 20. Bxf7 Qxf7 21.
Qf5 exd4 22. Bg5 Nd7 23. Rad1 Qg7 24. Bf4 Nde5 25. Bg3 d3 26. b3 Qf7 27. Nf3
Qg6 28. Nh4 Qf7 29. Bxe5 Nxe5 30. f4 Ng4 31. Ng5 Bc5+ 32. Qxc5 fxg5 33. Qf5
Qxf5 34. Nxf5 gxf4 35. h3 Nf6 36. Rf1 Ne4 37. Rf3 d2 38. Nd4 Nxc3 39. Rxc3 Rxd4
40. Kf2 Rg7 41. Rc5 Re7 42. Rc2 Red7 43. Rc5 Kg7 44. Kf3 Kg6 45. h4 c6 46. Kg4
h5+ 47. Kf3 R7d5 0-1

[Event "2. Magistral Espirito Santo"]
[Site "Vitoria BRA"]
[Date "2007.05.30"]
[Round "2.3"]
[White "Molina, Roberto Junio Brito"]
[Black "Stamenkovic, Dragan"]
[Result "0-1"]
[WhiteElo "2353"]
[BlackElo "2423"]
[PlyCount "132"]
[EventDate "2007.05.29"]
[EventType "tourn"]
[EventRounds "10"]
[EventCountry "BRA"]
[EventCategory "6"]
[Source "lmi"]
[SourceDate "2007.05.29"]

1. d4 d5 2. Nf3 Nf6 3. e3 Bf5 4. c4 c6 5. Nc3 e6 6. Be2 h6 7. O-O Nbd7 8. b3
Bd6 9. Bb2 O-O 10. Rc1 Qe7 11. Re1 Rfd8 12. c5 Bc7 13. Nh4 Bh7 14. f4 g5 15.
fxg5 hxg5 16. Nf3 Ng4 17. Bd3 Bxd3 18. Qxd3 f5 19. h3 Nh6 20. b4 a6 21. Kf2 Qg7
22. Ke2 g4 23. hxg4 Qxg4 24. Kd1 e5 25. Qe2 e4 26. Nd2 Qg5 27. Kc2 Nf6 28. Nf1
f4 29. exf4 Bxf4 30. Rcd1 Qg6 31. Bc1 Bxc1 32. Kxc1 Rf8 33. Ne3 Nh5 34. Kb1 Ng3
35. Qc2 Rf7 36. Rd2 Raf8 37. a4 Nf1 38. Nxf1 Rxf1 39. Rxf1 Rxf1+ 40. Kb2 Nf5
41. Ka2 Ne3 42. Qb3 Qf7 43. b5 axb5 44. axb5 Kg7 45. Ne2 Nc4 46. Rc2 Qc7 47.
Qg3+ Qxg3 48. Nxg3 Rg1 49. bxc6 bxc6 50. Nxe4 Ne3 51. Rc3 Rxg2+ 52. Kb3 Nf5 53.
Nd6 Nxd4+ 54. Kb4 Kf6 55. Rd3 Ne6 56. Rf3+ Ke7 57. Rf7+ Kd8 58. Nb7+ Kc8 59.
Ka5 Rb2 60. Nd6+ Kb8 61. Nf5 Nxc5 62. Nd4 Nb3+ 63. Kb4 Nxd4+ 64. Kc3 Rb7 65.
Rf8+ Kc7 66. Kxd4 Rb4+ 0-1

[Event "2. Magistral Espirito Santo"]
[Site "Vitoria BRA"]
[Date "2007.05.30"]
[Round "3.2"]
[White "Hungaski, Robert Andrew"]
[Black "Molina, Roberto Junio Brito"]
[Result "0-1"]
[WhiteElo "2379"]
[BlackElo "2353"]
[PlyCount "116"]
[EventDate "2007.05.29"]
[EventType "tourn"]
[EventRounds "10"]
[EventCountry "BRA"]
[EventCategory "6"]
[Source "lmi"]
[SourceDate "2007.05.29"]

1. e4 c5 2. Nf3 Nc6 3. d4 cxd4 4. Nxd4 e5 5. Nb5 a6 6. Nd6+ Bxd6 7. Qxd6 Qf6 8.
Qa3 Nge7 9. Nc3 Rb8 10. Be3 b5 11. Nd5 Nxd5 12. exd5 Ne7 13. O-O-O d6 14. h4 h6
15. Be2 Nf5 16. g4 b4 17. Qd3 Nxe3 18. fxe3 Bd7 19. g5 Qe7 20. Qe4 O-O 21. Rdg1
f5 22. Qg2 Kh8 23. Bxa6 Be8 24. gxh6 gxh6 25. h5 Qf6 26. Bd3 e4 27. Bc4 Bf7 28.
Rf1 Qe5 29. Qh2 Rbe8 30. Qd2 Rb8 31. Rhg1 Kh7 32. Rf4 Bxh5 33. Qh2 Bf3 34. Rg3
Rg8 35. Rh3 Rg2 36. Rxh6+ Kg7 37. Rh7+ Kg8 38. Qh3 Rg1+ 39. Bf1 Rxf1+ 40. Qxf1
Kxh7 41. Qh3+ Kg6 42. Rh4 Rg8 43. Rh7 f4 44. Qh6+ Kf5 45. Rf7+ Kg4 46. Rh7 Bg2
47. Qh4+ Kf3 48. Rh5 Rg4 49. Qxg4+ Kxg4 50. Rxe5 dxe5 51. d6 f3 52. d7 f2 53.
d8=Q f1=Q+ 54. Qd1+ Qf3 55. Qe1 Qf1 56. Qd1+ Qxd1+ 57. Kxd1 Kf3 58. Kd2 Bf1 0-1

[Event "2. Magistral Espirito Santo"]
[Site "Vitoria BRA"]
[Date "2007.05.30"]
[Round "3.3"]
[White "Bittencourt, Jorge"]
[Black "Bachmann, Axel"]
[Result "1/2-1/2"]
[WhiteElo "2442"]
[BlackElo "2470"]
[PlyCount "114"]
[EventDate "2007.05.29"]
[EventType "tourn"]
[EventRounds "10"]
[EventCountry "BRA"]
[EventCategory "6"]
[Source "lmi"]
[SourceDate "2007.05.29"]

1. e4 e5 2. Nf3 Nc6 3. Bb5 Nf6 4. O-O Be7 5. Re1 d6 6. c3 O-O 7. h3 Be6 8. d3
h6 9. Nbd2 a6 10. Ba4 b5 11. Bc2 Re8 12. d4 exd4 13. cxd4 Na5 14. d5 Bd7 15. b4
Nb7 16. Bb2 c5 17. dxc6 Bxc6 18. Nd4 Rc8 19. Nxc6 Rxc6 20. Bb3 Rc7 21. Qf3 Rf8
22. Nf1 Nd7 23. Rac1 Bf6 24. Rxc7 Qxc7 25. Rc1 Qd8 26. e5 Bg5 27. Qxb7 Bxc1 28.
Bxc1 Nxe5 29. Qxa6 Qc7 30. Be3 Rb8 31. Qa7 Qxa7 32. Bxa7 Rc8 33. Be3 Nc6 34.
Bf4 Nxb4 35. Bxd6 Nd3 36. g4 Rc6 37. Bg3 Rc1 38. h4 Ra1 39. Kg2 Nc1 40. Be5
Nxb3 41. axb3 Rd1 42. b4 f6 43. Ne3 Rd3 44. Bc7 Rd4 45. Ba5 g6 46. Kf3 Kf7 47.
Nc2 Rd2 48. Ne3 Rd4 49. Ng2 Rd3+ 50. Ke2 Rd4 51. f3 f5 52. Ke3 Rc4 53. g5 h5
54. Nf4 Rc3+ 55. Kf2 Rc4 56. Kg3 Rd4 57. Ne2 Rc4 1/2-1/2

[Event "2. Magistral Espirito Santo"]
[Site "Vitoria BRA"]
[Date "2007.05.31"]
[Round "4.1"]
[White "Bortoloso, Moacir Canella"]
[Black "Bachmann, Axel"]
[Result "0-1"]
[WhiteElo "2228"]
[BlackElo "2470"]
[PlyCount "94"]
[EventDate "2007.05.29"]
[EventType "tourn"]
[EventRounds "10"]
[EventCountry "BRA"]
[EventCategory "6"]
[Source "lmi"]
[SourceDate "2007.05.29"]

1. e4 d6 2. d4 Nf6 3. Nc3 g6 4. Be3 c6 5. Qd2 Nbd7 6. h3 b5 7. Bd3 Bg7 8. Bh6
Bxh6 9. Qxh6 e5 10. Nf3 Bb7 11. dxe5 dxe5 12. O-O-O a6 13. Rhe1 Qe7 14. Nh2
O-O-O 15. Ng4 Nh5 16. g3 f6 17. Qe3 Ng7 18. f4 h5 19. Nh2 h4 20. g4 exf4 21.
Qxf4 Ne6 22. Qf2 Ng5 23. e5 Nxe5 24. Bxg6 Rxd1+ 25. Nxd1 Nxh3 26. Qf5+ Kb8 27.
Nf3 Bc8 28. Nxe5 fxe5 29. Qe4 Ng5 30. Qxe5+ Qxe5 31. Rxe5 Nf3 32. Rh5 Rg8 33.
Bf5 Kc7 34. Nf2 Re8 35. Nd3 Bxf5 36. Rxf5 Nd4 37. Rf2 Rg8 38. c3 Ne6 39. Ne5
Kd6 40. Nf7+ Ke7 41. Ne5 h3 42. Nxc6+ Kd6 43. Nd4 Nxd4 44. cxd4 Rxg4 45. Rf6+
Kd5 46. Rh6 Rg3 47. Rxa6 h2 0-1

[Event "2. Magistral Espirito Santo"]
[Site "Vitoria BRA"]
[Date "2007.05.31"]
[Round "4.2"]
[White "Molina, Roberto Junio Brito"]
[Black "Bittencourt, Jorge"]
[Result "0-1"]
[WhiteElo "2353"]
[BlackElo "2442"]
[PlyCount "100"]
[EventDate "2007.05.29"]
[EventType "tourn"]
[EventRounds "10"]
[EventCountry "BRA"]
[EventCategory "6"]
[Source "lmi"]
[SourceDate "2007.05.29"]

1. d4 Nf6 2. Nf3 g6 3. e3 Bg7 4. Be2 O-O 5. O-O d5 6. c4 c5 7. Nc3 dxc4 8. dxc5
Qa5 9. Bxc4 Qxc5 10. Be2 Nc6 11. Na4 Qf5 12. Nd4 Nxd4 13. Qxd4 Be6 14. Nc3 Nd5
15. Nxd5 Bxd5 16. Qb4 Qe4 17. Qxe4 Bxe4 18. f3 Bc2 19. Bd1 Rac8 20. Bxc2 Rxc2
21. Rb1 Rd8 22. Re1 Rd3 23. Kf1 e6 24. a3 a6 25. Kg1 h5 26. Kf1 f5 27. h3 h4
28. Kg1 Kf7 29. Kh1 Be5 30. Rf1 b5 31. Kg1 a5 32. Kh1 a4 33. Kg1 Bg3 34. e4 f4
35. Kh1 g5 36. Kg1 Ke7 37. Kh1 Bf2 38. Ra1 Kd6 39. Rb1 Bd4 40. Re1 e5 41. Rf1
Kc5 42. Re1 Kc4 43. Rf1 Kb3 44. Ra1 Rxb2 45. Bxb2 Bxb2 46. Rae1 Bxa3 47. Re2
Bb2 48. Ref2 a3 49. Rb1 b4 50. Kh2 Kc3 0-1

[Event "2. Magistral Espirito Santo"]
[Site "Vitoria BRA"]
[Date "2007.05.31"]
[Round "4.3"]
[White "Stamenkovic, Dragan"]
[Black "Hungaski, Robert Andrew"]
[Result "1/2-1/2"]
[WhiteElo "2423"]
[BlackElo "2379"]
[PlyCount "20"]
[EventDate "2007.05.29"]
[EventType "tourn"]
[EventRounds "10"]
[EventCountry "BRA"]
[EventCategory "6"]
[Source "lmi"]
[SourceDate "2007.05.29"]

1. d4 d5 2. Nf3 Nf6 3. Bg5 e6 4. Nc3 Be7 5. Bxf6 Bxf6 6. e4 O-O 7. Qd2 c5 8. e5
cxd4 9. Nb5 Be7 10. Nbxd4 Nc6 1/2-1/2

[Event "2. Magistral Espirito Santo"]
[Site "Vitoria BRA"]
[Date "2007.06.01"]
[Round "5.1"]
[White "Hungaski, Robert Andrew"]
[Black "Bortoloso, Moacir Canella"]
[Result "1-0"]
[WhiteElo "2379"]
[BlackElo "2228"]
[PlyCount "99"]
[EventDate "2007.05.29"]
[EventType "tourn"]
[EventRounds "10"]
[EventCountry "BRA"]
[EventCategory "6"]
[Source "lmi"]
[SourceDate "2007.05.29"]

1. e4 c5 2. Nf3 Nc6 3. d4 cxd4 4. Nxd4 g6 5. c4 Bg7 6. Be3 Nf6 7. Nc3 O-O 8.
Be2 d6 9. O-O Nxd4 10. Bxd4 Bd7 11. Qd2 Bc6 12. f3 a5 13. b3 Nd7 14. Be3 Nc5
15. Rab1 Qb6 16. Rfc1 Rfc8 17. Rc2 Qd8 18. Bf1 h5 19. Nd5 e6 20. Nc3 Qe7 21.
Nb5 Bxb5 22. cxb5 b6 23. Bc4 Kh7 24. Bg5 f6 25. Bf4 Rd8 26. Rd1 Bf8 27. Qe1 Ra7
28. Rcd2 Rad7 29. a3 Bh6 30. Bxh6 Kxh6 31. b4 axb4 32. axb4 Nb7 33. Ra2 Rc8 34.
Bf1 d5 35. exd5 e5 36. Ra6 Nd6 37. Rxb6 Nf5 38. Rc6 Rcd8 39. Bc4 Nd4 40. f4
Nxc6 41. bxc6 Rd6 42. fxe5 fxe5 43. Qe3+ Kg7 44. b5 Rf6 45. Be2 e4 46. b6 Qb4
47. h3 h4 48. Qd4 Qa5 49. Rf1 Rdf8 50. Ra1 1-0

[Event "2. Magistral Espirito Santo"]
[Site "Vitoria BRA"]
[Date "2007.06.01"]
[Round "5.2"]
[White "Bittencourt, Jorge"]
[Black "Stamenkovic, Dragan"]
[Result "1-0"]
[WhiteElo "2442"]
[BlackElo "2423"]
[PlyCount "105"]
[EventDate "2007.05.29"]
[EventType "tourn"]
[EventRounds "10"]
[EventCountry "BRA"]
[EventCategory "6"]
[Source "lmi"]
[SourceDate "2007.05.29"]

1. e4 c5 2. Nf3 Nc6 3. d4 cxd4 4. Nxd4 g6 5. c4 Nf6 6. Nc3 Nxd4 7. Qxd4 d6 8.
Be2 Bg7 9. Be3 O-O 10. Qd2 Be6 11. Rc1 Qa5 12. f3 Rfc8 13. b3 a6 14. Na4 Qxd2+
15. Kxd2 Rc6 16. Nc3 Nd7 17. Nd5 Bxd5 18. cxd5 Rcc8 19. Rxc8+ Rxc8 20. Rc1 Rxc1
21. Kxc1 Bc3 22. a3 Ba5 23. b4 Bb6 24. Bd2 Bg1 25. h3 Kg7 26. Kc2 Kf6 27. f4 e6
28. dxe6 fxe6 29. g4 Nb6 30. Bd3 d5 31. Bc3+ Kf7 32. f5 dxe4 33. Bxe4 Nd5 34.
fxg6+ hxg6 35. Bd2 Bf2 36. Bg5 b6 37. Kb3 Be3 38. Bxe3 Nxe3 39. Bb7 g5 40. Bxa6
Kf6 41. Ka4 Ke5 42. Kb5 Nd5 43. Bb7 Kd6 44. Bxd5 Kxd5 45. a4 e5 46. a5 bxa5 47.
bxa5 e4 48. a6 e3 49. a7 e2 50. a8=Q+ Kd4 51. Qe8 Kd3 52. Qd7+ Kc2 53. Qe6 1-0

[Event "2. Magistral Espirito Santo"]
[Site "Vitoria BRA"]
[Date "2007.06.01"]
[Round "5.3"]
[White "Bachmann, Axel"]
[Black "Molina, Roberto Junio Brito"]
[Result "1-0"]
[WhiteElo "2470"]
[BlackElo "2353"]
[PlyCount "153"]
[EventDate "2007.05.29"]
[EventType "tourn"]
[EventRounds "10"]
[EventCountry "BRA"]
[EventCategory "6"]
[Source "lmi"]
[SourceDate "2007.05.29"]

1. e4 c6 2. d4 d5 3. e5 Bf5 4. Nf3 e6 5. Be2 Ne7 6. O-O c5 7. c4 Nbc6 8. Nc3
dxc4 9. Bxc4 Nxd4 10. Nxd4 cxd4 11. Bg5 Qb6 12. Na4 Qa5 13. Qb3 Be4 14. Rac1
Bc6 15. Nc5 Nd5 16. Nxb7 Qb4 17. Ba6 Qxb3 18. axb3 Bd7 19. Rfd1 Nb4 20. Be2 Rb8
21. Rxd4 Nd5 22. Na5 Be7 23. Bxe7 Kxe7 24. Bf3 Rb5 25. Nc4 Rxb3 26. Bxd5 exd5
27. Ne3 Rxb2 28. Nxd5+ Ke6 29. Nf4+ Ke7 30. Nh5 Rc8 31. Rcd1 Be6 32. Nxg7 Bb3
33. Ra1 Ra2 34. Re1 Re2 35. Ra1 Rxe5 36. f4 Rec5 37. g4 a5 38. Nf5+ Kf8 39. Kf2
Rc2+ 40. Kg3 R8c3+ 41. Kh4 Rxh2+ 42. Kg5 h6+ 43. Nxh6 Rc6 44. Nxf7 Bxf7 45.
Rxa5 Kg7 46. f5 Rc7 47. Re5 Rg2 48. Kf4 Rf2+ 49. Kg5 Rg2 50. Ra5 Rg1 51. Ra8
Bc4 52. Rdd8 Be2 53. Rg8+ Kh7 54. Rh8+ Kg7 55. Rag8+ Kf7 56. Rf8+ Ke7 57. Re8+
Kd6 58. Rh6+ Kd5 59. Rxe2 Rc4 60. Rh4 Rc8 61. Re6 Rc4 62. Re8 Kd6 63. f6 Rf1
64. Rh6 Kd7 65. Re7+ Kd6 66. Re2 Rff4 67. f7+ Kd7 68. Rf6 Rxg4+ 69. Kh6 Rh4+
70. Kg7 Rcg4+ 71. Rg6 Rxg6+ 72. Kxg6 Rg4+ 73. Kf6 Rf4+ 74. Kg7 Rg4+ 75. Kf8 Rd4
76. Rg2 Ke6 77. Kg8 1-0

[Event "2. Magistral Espirito Santo"]
[Site "Vitoria BRA"]
[Date "2007.06.02"]
[Round "6.1"]
[White "Bortoloso, Moacir Canella"]
[Black "Molina, Roberto Junio Brito"]
[Result "0-1"]
[WhiteElo "2228"]
[BlackElo "2353"]
[PlyCount "60"]
[EventDate "2007.05.29"]
[EventType "tourn"]
[EventRounds "10"]
[EventCountry "BRA"]
[EventCategory "6"]
[Source "lmi"]
[SourceDate "2007.05.29"]

1. e4 c6 2. d4 d5 3. Nd2 dxe4 4. Nxe4 Nd7 5. Ng5 Ngf6 6. Bd3 e6 7. Qe2 Bd6 8.
N1f3 h6 9. Ne4 Nxe4 10. Qxe4 Qc7 11. Qg4 Kf8 12. Bd2 b6 13. Qe4 Bb7 14. Qe2 c5
15. a4 Rc8 16. Bc3 c4 17. Be4 Bxe4 18. Qxe4 Nf6 19. Qh4 Ke7 20. Nd2 Rhe8 21.
O-O Kf8 22. f4 Nd5 23. Rf3 Bxf4 24. Ne4 f5 25. Raf1 Be3+ 26. Kh1 Kg8 27. Qh5
fxe4 28. Rf7 Rf8 29. Qg6 Rxf7 30. Qxe6 Qe7 0-1

[Event "2. Magistral Espirito Santo"]
[Site "Vitoria BRA"]
[Date "2007.06.02"]
[Round "6.2"]
[White "Bachmann, Axel"]
[Black "Stamenkovic, Dragan"]
[Result "1-0"]
[WhiteElo "2470"]
[BlackElo "2423"]
[PlyCount "101"]
[EventDate "2007.05.29"]
[EventType "tourn"]
[EventRounds "10"]
[EventCountry "BRA"]
[EventCategory "6"]
[Source "lmi"]
[SourceDate "2007.05.29"]

1. e4 c5 2. Nc3 Nc6 3. Bb5 g6 4. Bxc6 dxc6 5. f4 Bg7 6. Nf3 Nf6 7. O-O O-O 8.
d3 Qc7 9. Qe1 Nh5 10. Qh4 Bf6 11. Qf2 Bxc3 12. bxc3 Nxf4 13. Ng5 e5 14. Bxf4
exf4 15. Qxc5 f6 16. Qc4+ Kg7 17. Nf3 Bg4 18. Nd4 Rae8 19. Rf2 Rf7 20. a4 g5
21. Nf3 h6 22. a5 a6 23. Nd2 Re5 24. Qa4 Ree7 25. Nc4 Be6 26. Nb6 f5 27. Qd4+
Kg6 28. e5 Re8 29. Qc5 Rfe7 30. d4 Bd5 31. Rb1 Rd8 32. c4 Be4 33. Na4 Qd7 34.
Rd1 Kh7 35. c3 h5 36. Re1 Rg7 37. Qb6 Re8 38. Nc5 Qf7 39. Qb3 Qg6 40. Qd1 Kh6
41. Qe2 Qf7 42. Qf1 Qc7 43. Ra2 Rf7 44. h4 Qe7 45. Nxe4 fxe4 46. Rxe4 Ref8 47.
Rf2 Qe6 48. hxg5+ Kxg5 49. Qd3 Rd8 50. Qd2 Qf5 51. Rexf4 1-0

[Event "2. Magistral Espirito Santo"]
[Site "Vitoria BRA"]
[Date "2007.06.02"]
[Round "6.3"]
[White "Bittencourt, Jorge"]
[Black "Hungaski, Robert Andrew"]
[Result "1/2-1/2"]
[WhiteElo "2442"]
[BlackElo "2379"]
[PlyCount "46"]
[EventDate "2007.05.29"]
[EventType "tourn"]
[EventRounds "10"]
[EventCountry "BRA"]
[EventCategory "6"]
[Source "lmi"]
[SourceDate "2007.05.29"]

1. e4 e5 2. Nf3 Nc6 3. Bb5 a6 4. Ba4 Nf6 5. O-O Be7 6. Re1 b5 7. Bb3 d6 8. c3
O-O 9. h3 Na5 10. Bc2 c5 11. d4 Qc7 12. Nbd2 cxd4 13. cxd4 Nc6 14. Nb3 a5 15.
Be3 a4 16. Nbd2 Bd7 17. a3 Rfe8 18. Rc1 Qb7 19. Qe2 Rab8 20. Bd3 exd4 21. Nxd4
Ne5 22. Bf4 Bd8 23. N4f3 h6 1/2-1/2

[Event "2. Magistral Espirito Santo"]
[Site "Vitoria BRA"]
[Date "2007.06.02"]
[Round "7.1"]
[White "Bittencourt, Jorge"]
[Black "Bortoloso, Moacir Canella"]
[Result "1-0"]
[WhiteElo "2442"]
[BlackElo "2228"]
[PlyCount "127"]
[EventDate "2007.05.29"]
[EventType "tourn"]
[EventRounds "10"]
[EventCountry "BRA"]
[EventCategory "6"]
[Source "lmi"]
[SourceDate "2007.05.29"]

1. e4 c5 2. Nf3 Nc6 3. d4 cxd4 4. Nxd4 g6 5. c4 Bg7 6. Be3 Nf6 7. Nc3 O-O 8.
Be2 d6 9. O-O Nxd4 10. Bxd4 Bd7 11. Qd2 Bc6 12. f3 a5 13. b3 Nd7 14. Be3 Nc5
15. Rab1 Qb6 16. Rfc1 Rfc8 17. Rc2 h5 18. Bf1 Kh7 19. a3 Qd8 20. Ne2 Ne6 21.
Nc3 Qf8 22. Nd5 Bxd5 23. exd5 Nd8 24. g3 f6 25. Bh3 f5 26. f4 Nf7 27. Bg2 Qd8
28. Bf3 Nh6 29. h3 Qd7 30. a4 Qc7 31. Rbc1 b6 32. Qd3 Rab8 33. Rh2 Qd7 34. Rcc2
Kg8 35. Rcg2 Kf7 36. Re2 Re8 37. Bf2 Bf6 38. Re6 Rg8 39. Qe2 Rh8 40. Rg2 Qc7
41. Kf1 Qd8 42. Rg1 Qc7 43. Kg2 Qd8 44. Re1 Rb7 45. Qd3 Ng8 46. Rb1 Nh6 47.
Ree1 Kg7 48. b4 axb4 49. Rxb4 Qc7 50. Reb1 Rhb8 51. Qb3 Rc8 52. a5 b5 53. a6
bxc4 54. Rxb7 cxb3 55. Rxc7 Rxc7 56. a7 Rc2 57. a8=Q b2 58. Qa4 Rc1 59. Qa2 Rc2
60. Qb3 Rd2 61. Kf1 Nf7 62. Be3 Rh2 63. Bg2 h4 64. gxh4 1-0

[Event "2. Magistral Espirito Santo"]
[Site "Vitoria BRA"]
[Date "2007.06.02"]
[Round "7.3"]
[White "Stamenkovic, Dragan"]
[Black "Molina, Roberto Junio Brito"]
[Result "1-0"]
[WhiteElo "2423"]
[BlackElo "2353"]
[PlyCount "83"]
[EventDate "2007.05.29"]
[EventType "tourn"]
[EventRounds "10"]
[EventCountry "BRA"]
[EventCategory "6"]
[Source "lmi"]
[SourceDate "2007.05.29"]

1. d4 f5 2. g3 Nf6 3. Bg2 g6 4. c4 Bg7 5. Nc3 d6 6. Nf3 O-O 7. O-O Qe8 8. d5
Na6 9. Rb1 Nc5 10. Nd4 Bd7 11. b4 Nfe4 12. Nxe4 Nxe4 13. Qd3 e5 14. dxe6 Bxe6
15. Bb2 Bd7 16. Nb5 Bxb2 17. Rxb2 Bxb5 18. cxb5 Qe5 19. Rc2 d5 20. Rd1 Rad8 21.
e3 Rf7 22. Qb3 Kg7 23. Rd4 Rd6 24. Rc1 g5 25. Rcd1 Rfd7 26. a4 h6 27. Bh3 Kg6
28. Qd3 g4 29. Bg2 h5 30. h4 gxh3 31. Bxh3 h4 32. g4 fxg4 33. Bxg4 Rd8 34. Bf3
Kh6 35. Kf1 Rf6 36. Rxe4 dxe4 37. Qxd8 exf3 38. Qh8+ Kg5 39. Qg7+ Kf5 40. Rd4
Rg6 41. Rf4+ Qxf4 42. Qd7+ 1-0

[Event "2. Magistral Espirito Santo"]
[Site "Vitoria BRA"]
[Date "2007.06.03"]
[Round "8.1"]
[White "Bortoloso, Moacir Canella"]
[Black "Stamenkovic, Dragan"]
[Result "0-1"]
[WhiteElo "2228"]
[BlackElo "2423"]
[PlyCount "52"]
[EventDate "2007.05.29"]
[EventType "tourn"]
[EventRounds "10"]
[EventCountry "BRA"]
[EventCategory "6"]
[Source "lmi"]
[SourceDate "2007.05.29"]

1. e4 c5 2. d4 cxd4 3. c3 d5 4. e5 dxc3 5. Nxc3 d4 6. Ne4 Nc6 7. f4 g6 8. Bc4
Qb6 9. Qe2 Nh6 10. Nf3 Bg4 11. Bd2 O-O-O 12. Rc1 Kb8 13. h3 Bxf3 14. Qxf3 f6
15. O-O Bg7 16. b4 fxe5 17. a4 d3+ 18. Kh1 Nf5 19. Nc5 e4 20. Nxe4 Nxb4 21. a5
Qc6 22. Kh2 Rd4 23. Bxd3 Qd5 24. Bxb4 Rxb4 25. Bb1 Rb3 26. Qe2 Nd4 0-1